00373nam a2200133 a 45000010010000000030011000100080041000210350026000620820014000881000029001022450032001312600056001636500020002190000-9105ELIB.Books110520 1970  a(ELIB.Books)0000-9254 a260 bMcG aMcGavran, Donal Anderson aUnderstanding Church Growth bMichigan: Wm. B. Eerdmans Publishing Company c1970 aSocial Theology